| 000 | 00330nam a2200133Ia 4500 | ||
|---|---|---|---|
| 005 | 20251222151309.0 | ||
| 008 | 251222s9999||||xx |||||||||||||| ||spa|| | ||
| 082 | _a584/M12 | ||
| 100 | _aS.J. Mac Gregor, Felipe | ||
| 245 | 0 | _aDroga Desinflando el Globo: | |
| 250 | _a1ra.ed | ||
| 264 | _bUniversidad del PacĂfico | ||
| 942 | _cLIB | ||
| 999 |
_c23299 _d23299 |
||